000 07359nam a2200301Ia 4500
005 20250223033117.0
008 231030s9999 xx 000 0 und d
049 _aDeposit
082 _a610
097 _aM.Sc
099 _aCai01.09.03.M.sc.2020.Sa.F
100 _aSara Sayed Mohamed Fateh Allah
245 _aFracture resistance of posterior bulk fillflowable composite restoring MOD cavitiesin premolars /
_cSara Sayed Mohamed Fateh Allah ; Olfat Alsayed Hassanien , Mai Mahmoud Yousry
246 _aمقاومة الكسر لمركب التعبئة السائبة لاستعادة التجويف المعد في السن الضاحك
260 _c2020.
502 _aThesis (M.Sc.)-Cairo University,2022. Thesis (Ph.D)-Cairo University,2022.
504 _aBibliography: p. 105-114.
520 _aالهدف من اجراء هذه الدراسة هو تقييم مقاومة الكسر للترميم المركب المتدفق السائب لاستعادة تجاويف في الضواحك مقارنةً بالترميم المركب متناهي الصغر معبأة بشكل متزايد باستخدام نهجين مختلفين للترابط. تم تجميع عدد 07 ضاحك سليم غير مجوف محدد للخلع. الاسنان كانت خالية من التسوس أو الشروخ أو الحشوات. تم تقسيم الاسنان بشكل عشوائي علي 41 مجموعة بواسطة الباحث. المجموعة الاولى تتكون من الاسنان السليمة الغير معدة تجويفيا. المجموعة الثانية تتكون من الاسنان المعدة تجويفيا تجويفات من الدرجة الثانية علي الاسطح القريبة والبعيدة والطاحنة والغير معبأة. المجموعة الثالثة: الضواحك ذات تجويف تمت استعادتها بواسطة مركب القابل للتدفق ذو التعبئة السائبة 1 مم)اكسترابايز-فوكو-المانيا( مستعبدين بنظام إحكام وشطف)سولوبوند م، ألمانيا( دون إجراء عملية تدوير حراري. المجموعة الرابعة: الضواحك ذات تجويف تمت استعادتها بواسطة راتنجات سائلة قابلة للتعبئة بسعة 1 مم )اكسترابايز-فوكو-المانيا( مرتبطة بنهج الحفرالذاتي )فوتورا دي سي،فوكو،المانيا( بدون تدوير حراري. المجموعة الخامسة: الضواحك ذات تجويف تمت استعادتها بواسطة مركب راتنج قابل للتدفق ذو التعبئة السائبة 1 مم )اكسترابايز-فوكو-المانيا( مستعبدين بنظام إحكام وشطف )سولوبوند م ، ألمانيا( مع إجراء عملية تدوير حراري. المجموعة السادسة: الضواحك ذات تجويف تمت استعادتها بواسطة راتنجات سائلة قابلة للتعبئة بسعة 1 مم )اكسترابايز-فوكو-المانيا( مرتبطة بنهج الحفرالذاتي )فوتورا دي سي،فوكو،المانيا( مع تدوير حراري.المجموعة السابعة: الضواحك ذات تجويف تمت استعادتها بواسطة مركب متدفق ذو تعبئة جماعية بحجم 2 مم متبوعًا بمركب راتنج النانو الهجين المركب 2 مم )جرانديو،فوكو،ألمانيا( المستعبدين من سولوبوند م بدون تدوير حراري. المجموعة الثامنة: الضواحك ذات تجويف تمت استعادتها بواسطة مركب متدفق ذو تعبئة كبيرة الحجم بحجم 2 مم، متبوعًا بمركب راتنج متناهية الصغر 2 مم معبأ بشكل متزايد )جرانديو،فوكو ، ألمانيا( مستعبدين من فوتورا دي سي دون تدوير حراري. المجموعة التاسعة: الضواحك ذات تجويف تمت استعادتها بواسطة مركب متدفق ذو تعبئة جماعية بحجم 2 مم متبوعًا بمركب راتنج النانو الهجين المركب 2 مم )جرانديو،فوكو،ألمانيا( المستعبدين من سولوبوند مع اجراء تدوير حراري. المجموعة العاشرة: الضواحك ذات تجويف تمت استعادتها بواسطة مركب متدفق ذو تعبئة كبيرة الحجم بحجم 2 مم، متبوعًا بمركب راتنج متناهية الصغر 2 مم معبأ بشكل متزايد )جرانديو،فوكو، ألمانيا( مستعبدين من فوتورا دي سي مع اجراء تدوير حراري. المجموعة الحادية عشرة: الضواحك ذات تجويف تمت استعادتها بواسطة مركب راتنج نانوي هجين معبأ بشكل تدريجي 1 ملم )جرانديو ، فوكو، ألمانيا( مستعبدين من سولوبوند م بدون تدوير حراري. المجموعة الثانية عشرة: الضواحك ذات تجويف تمت استعادتها بواسطة مركب راتنج نانوي هجين مركب 1 ملم معبأة )جرانديو، فوكو، ألمانيا( مستعبدين من فوتورا دي سي دون تدوير حراري. المجموعة الثالثة عشرة: الضواحك ذات تجويف تمت استعادتها بواسطة مركب راتنج نانوي هجين معبأ بشكل تدريجي 1 ملم )جرانديو، فوكو، ألمانيا( مستعبدين من سولوبوند م مع اجراء تدوير حراري. المجموعة الرابعة عشرة: الضواحك ذات تجويف تمت استعادتها بواسطة مركب راتنج نانوي هجين مركب 1 ملم معبأة )جرانديو، فوكو ، ألمانيا( مستعبدين من فوتورا دي سي مع اجراء تدوير حراري. تلقت جميع الأسنان المعدة ترميمات باستثناء المجموعة 2 ”تحضير التجويف دون ترميم” لتكون بمثابة السيطرة السلبية . بعد تطبيق المواد اللاصقة، تم استخدام نظام مصفوفة التجنيب وحامل ومصفوفة معدنية لمحاكاة الحالات داخل الفم . وقد أعمى عينات من أفراد تقييم بوضعهم في عبوات مرقمة بالتعاقب مانعة للضوء. تم تطبيق الحمل على جميع العينات باستخدام جهاز اختبار عالمي مع سرعة أخمص 4 مم / دقيقة تم تطبيقها علي المنحدرات الفحوية واللسانية للاسنان حتي الكسر. والنتيجة هي الحمولة التي تم كسر العينة بالنيوتن. تم تحديد طريقة كسر سواء ايجابية او سلبية ومن ثم تعيين إما لاصقة، متماسك أو مختلطة
650 _aDentistry
653 _aResistance
700 _aOlfat Alsayed Hassanien
856 _uhttp://172.23.153.220/th.pdf
905 _aMohamady
942 _cTH
_2ddc
999 _c164071
_d164071
336 _2rda content
_atext
337 _2rdamedia
_aUnmediated
338 _2rdacarrier
_avolume